El esperanto al alcance de todos : (Record no. 35931)

MARC details
000 -LEADER
campo de control de longitud fija 00613nam a2200193 i 4500
001 - NÚMERO DE CONTROL
campo de control 35931
003 - IDENTIFICADOR DE NÚMERO DE CONTROL
campo de control ES-MaACL
005 - FECHA Y HORA DE LA ÚLTIMA TRANSACCIÓN
campo de control 20230906155240.0
007 - CAMPO FIJO DE DESCRIPCIÓN FÍSICA--INFORMACIÓN GENERAL
campo de control de longitud fija t|
008 - DATOS DE LONGITUD FIJA--INFORMACIÓN GENERAL
campo de control de longitud fija 030214s1952 sp ||||1| spa d
080 ## - NÚMERO DE LA CLASIFICACIÓN DECIMAL UNIVERSAL
Número de la Clasificación Decimal Universal 811.922(075.4)
100 1# - ENTRADA PRINCIPAL--NOMBRE DE PERSONA
Nombre de persona Bremon Masgrau, J.
9 (RLIN) 31567
245 13 - MENCIÓN DEL TÍTULO
Título El esperanto al alcance de todos :
Resto del título manual de la conversacion esperanta /
Mención de responsabilidad, etc. por J. Bremon Masgrau.
250 ## - MENCION DE EDICION
Mención de edición 3ª ed. corr. y aum.
260 ## - PUBLICACIÓN, DISTRIBUCIÓN, ETC.
Lugar de publicación, distribución, etc. Barcelona :
Nombre del editor, distribuidor, etc. Selecciones Boix,
Fecha de publicación, distribución, etc. [1952] (
Fabricante Imp. A. Ortega)
300 ## - DESCRIPCIÓN FÍSICA
Extensión VIII, 62 p. ;
Dimensiones 19 cm.
650 #4 - PUNTO DE ACCESO ADICIONAL DE MATERIA--TÉRMINO DE MATERIA
Término de materia o nombre geográfico como elemento de entrada Esperanto-
Subdivisión de forma Métodos.
9 (RLIN) 12497
852 4# - LOCALIZACIÓN
Ubicación ES-MaACL
Número de control de estantería 1955-F-12
Holdings
Estatus retirado Estado de pérdida Estado de daño No para préstamo Colección Biblioteca de origen Biblioteca actual Ubicación en estantería Fecha de adquisición Fuente de adquisición Total de préstamos Signatura topográfica completa Código de barras Visto por última vez Precio de reemplazo Tipo de ítem Koha
        Colección de folletos Biblioteca del Ateneo de Madrid Biblioteca del Ateneo de Madrid Depósito folletos 17/01/2008     1955-F-12 1037666 23/02/2023 23/02/2023 Folleto